000
00323 a2200109 4500
001
ART_27809
005
20260410161949.0
008
260409a
245
1
0
_a
El aula como espacio de investigación
100
1
_a
Fernandez, María del Rosario
773
0
_t
Invenio
_g
- Año 2, Nº 3 (jun. 1999)
_w
REV27781
999
_c
30242
_d
30242